Murders – Sudden Death - Statistics

General Stats
  • This quiz has been taken 78 times
    76 since last reset
  • The average score is 6 of 15
Answers on the Grid
Answers color-coded by a green-red scale on the quiz's grid according to % correct below.
Abel
Abraham Lincoln
Alexander the Great
Archduke Franz Ferdinand
Archimedes
Biggie Smalls
Buddy Holly
Charles de Gaulle
George Floyd
Gustave Eiffel
Hannibal
Henry Ford
Hirohito
Jesse James
John Lennon
Juice WRLD
Lee Harvey Oswald
Leon Trotsky
Mahatma Ghandi
Malcolm X
Mao Zedong
Muhammad Ali
Nelson Mandela
Nero
Ninoy Aquino
Princess Diana
Ronald Reagan
Santa Anna
Shinzo Abe
Tsar Nicholas II
 
Answer Stats
Answer % Correct
John Lennon
69%
Abraham Lincoln
65%
Malcolm X
65%
Archduke Franz Ferdinand
57%
George Floyd
51%
Mahatma Ghandi
45%
Lee Harvey Oswald
43%
Biggie Smalls
39%
Tsar Nicholas II
39%
Jesse James
37%
Leon Trotsky
37%
Shinzo Abe
35%
Abel
33%
Archimedes
8%
Ninoy Aquino
6%
No matching quizzes found
Score Distribution
Percent of People with Each Score
Percentile by Number Answered
Your Score History
You have not taken this quiz since the last reset